书目信息 |
| 题名: |
西藏嘉黎边坝晚古生代、中生代及吉隆等地新生代地层研究
|
|
| 作者: | 田立富 , 孙黎明 , 泽仁扎西 著 | |
| 分册: | ||
| 出版信息: | 北京 地震出版社 2007.08 |
|
| 页数: | 192页 | |
| 开本: | 26cm | |
| 丛书名: | ||
| 单 册: | ||
| 中图分类: | P534.6 | |
| 科图分类: | ||
| 主题词: | 新生代--xin sheng dai--地层--研究--西藏自治区 | |
| 电子资源: | ||
| ISBN: | 978-7-5028-3142-4 | |
| 000 | 01135nam0 2200277 450 | |
| 001 | 012008799342 | |
| 005 | 20080611160505.07 | |
| 010 | @a978-7-5028-3142-4@dCNY35.00 | |
| 100 | @a20080611d2007 em y0chiy0120 ea | |
| 101 | 0 | @achi |
| 102 | @aCN@b110000 | |
| 105 | @aa a 000yy | |
| 106 | @ar | |
| 200 | 1 | @a西藏嘉黎边坝晚古生代、中生代及吉隆等地新生代地层研究@Axi zang jia li bian ba wan gu sheng dai、zhong sheng dai ji ji long deng di xin sheng dai di ceng yan jiu@f田立富 ... [等] 著@Ftian li fu...[deng]zhu |
| 210 | @a北京@c地震出版社@d2007.08 | |
| 215 | @a192页@c图@d26cm | |
| 304 | @a题名页题: 田立富, 孙黎明, 泽仁扎西, 张振利, 李广栋等著 | |
| 320 | @a有书目 | |
| 330 | @a本书对藏东嘉黎、边坝及吉隆地区石炭-二叠纪地层、侏罗纪-白垩纪地层进行了岩石地层、生物地层、年代地层和层序地层等多重地层划分与对比,基本建立了该地区的地层层序和地层格架。 | |
| 606 | 0 | @a新生代@Axin sheng dai@x地层@x研究@y西藏自治区 |
| 690 | @aP534.6@v4 | |
| 701 | 0 | @a田立富@Atian li fu@4著 |
| 701 | 0 | @a孙黎明@Asun li ming@4著 |
| 701 | 0 | @a泽仁扎西@Aze ren zha xi@4著 |
| 801 | 0 | @aCN@bQSSK@c20080611 |
| 905 | @b726059-60@dP534.6@eT631@f2 | |
| 西藏嘉黎边坝晚古生代、中生代及吉隆等地新生代地层研究/田立富 ... [等] 著.-北京:地震出版社,2007.08 |
| 192页:图;26cm |
| ISBN 978-7-5028-3142-4:CNY35.00 |
| 本书对藏东嘉黎、边坝及吉隆地区石炭-二叠纪地层、侏罗纪-白垩纪地层进行了岩石地层、生物地层、年代地层和层序地层等多重地层划分与对比,基本建立了该地区的地层层序和地层格架。 |
| ● |
| 相关链接 |
|
|
|
正题名:西藏嘉黎边坝晚古生代、中生代及吉隆等地新
索取号:P534.6/T631
 
预约/预借
| 序号 | 登录号 | 条形码 | 馆藏地/架位号 | 状态 | 备注 |
| 1 | 726059 | 207260596 | 期刊室512/401自科库 123排2列5层/ [索取号:P534.6/T631] | 在馆 | |
| 2 | 726060 | 207260603 | 自科库401/401自科库 129排1列5层/ [索取号:P534.6/T631] | 在馆 |